| 000 | 01644nam a2200301Ia 4500 | ||
|---|---|---|---|
| 999 |
_c38568 _d38568 |
||
| 001 | 4685 | ||
| 003 | GE_BSU | ||
| 005 | 20190801165924.0 | ||
| 008 | 181216s2011||||ge |||||||||||||| ||geo|| | ||
| 010 | _a9789941035302 | ||
| 020 | _a9789941035302 | ||
| 040 | _cGE_BSU | ||
| 041 | _ageo | ||
| 080 | _a338.48+796.5 + 392.7 მ–59 | ||
| 100 |
_aმეტრეველი, მარინა _93373 |
||
| 245 |
_aტურიზმისა და სტუმარმასპინძლობის საფუძვლები = Tourism and hospitality (Principles) : _bსახელმძღვ. / _cმარინა მეტრეველი ; სარედ. კოლ. : მარი წერეთელი, ირინა გოგორიშვილი, ავთანდილ არაბული, დავით ონოფრიშვილი. |
||
| 250 | _aმე-2 გამოცემა | ||
| 264 |
_aთბილისი : _bფავორიტი პრინტი ; _c2011. |
||
| 300 |
_a468 გვ. ; _c22 სმ. |
||
| 504 | _aბიბლიოგრ. : გვ. 465–468 | ||
| 653 | _aსტუმარმასპინძლობა | ||
| 653 | _aტურიზმი | ||
| 700 |
_aწერეთელი, მარი _eრედაქტორი _93374 |
||
| 700 |
_aგოგორიშვილი, ირინა _eრედაქტორი _9850 |
||
| 700 |
_aარაბული, ავთანდილ _eრედაქტორი _9316 |
||
| 700 |
_aონოფრიშვილი, დავით _eრედაქტორი _9835 |
||
| 942 |
_cBK _2udc |
||